Statystyki dla Z którego państwa pochodzi ta piosenka?

Kliknij tutaj aby rozwiązać quiz!

Ogólne statystyki

  • Ten quiz został rozwiązany 79 razy
    (40 od ostatniego zresetowania)
  • Średni wynik to 21 z 28

Statystyki odpowiedzi

PiosenkaKraj% Poprawnych
Sławomir - Miłość w ZakopanemPolska
100%
LADY PANK - Mniej niż zero!Polska
100%
YUGOPOLIS & Maciej Maleńczuk - Sługi za SzlugiPolska
100%
Luis Fonsi ft. Daddy Yankee - DespacitoPortoryko | Stany Zjednoczone
100%
Charlie Puth - ATTENTION!USA | Stany Zjednoczone
100%
AISHA, Davido, Trinidad Cardona - Hayya Hayya (Better Together)USA | Stany Zjednoczone | Katar
100%
Marshmello & Anne-Marie - FriendsUSA | Stany Zjednoczone | Wielka Brytania
100%
Ed Sheeran - Shape of YouWielka Brytania | UK
94%
Daft Punk - One more timeFrancja
91%
BUM! - KanikułyRosja
88%
Las Ketchup - AserejeHiszpania
82%
Shawn Mendes & Camilla Cabello - SenoritaKanada | Kuba
82%
Sunstroke Project & Olia Tira - Run Away (Sax Guy)Mołdawia | Niemcy
79%
Dschinghis Khan - MoskauNiemcy
79%
ATC - Around the world (LaLaLa)Niemcy
79%
Tarkan - SimarikTurcja | Niemcy
79%
Gigi D'Agostino - L'amour ToujoursWłochy
79%
Eiffel 65- I'm blueWłochy
79%
The Weeknd - Blinding LightsKanada
76%
Shakira - Waka Waka This Time for AfricaAfryka | Kolumbia
61%
Alexandra Stan - Mr. SaxobeatRumunia
61%
Akcent - KylieRumunia
61%
Camilla Cabello ft. Young Thug - HavanaKuba
55%
Icona pop ft. Charli XCX - I love it!Szwecja
55%
O-Zone - Dragostea Din Tei (Numa Numa Jej)Mołdawia
45%
Darude - SandstormFinlandia
36%
Magic System - Magic in the AirWKS | Wybrzeże Kości Słoniowej
6%
Khaled - C'est la VieAlgieria
3%

Rozkład punktacji

Percentyl według liczby udzielonych odpowiedzi

Procent ludzi z każdym wynikiem

Twoja historia wyników

Nie rozwiązałeś tego quizu od ostatniego zresetowania